01609nam a22003015i 4500003000900000005001700009008004100026020001800067040004600085082002000131100003700151245053700188264007100725300004500796336002600841337002800867338002700895500002300922504005200945650003500997653003301032655001701065700002801082700002801110942001201138999001701150952014001167EG-ScBUE20251209100015.0150629s2013 ii a f bd 001 0 eng d a9788122434361 aEG-ScBUE bengerdacEG-ScBUE dEG-ScBUE 04a547.59bPAR2221 aParikh, Arun R.,939187eauthor.14aThe essence of heterocyclic chemistry /cDr. Arun R. Parikh, former professor and head, Department of Chemistry, Saurashtra University, Rajkot-360005, emeritus professor medicinal chemistry, L.J. Institute of Pharmacy, Ahmedabad-380001, Dr. Hansa Parikh, former professor and head Department of Chemistry, Saurashtra University, Rajkot-360005, emeritus professor, medicinal chemistry, L.J. Institute of Pharmacy, Ahmedabad-380001, Dr. Ranjan Khunt, assistant professor, Department of Chemistry, Saurashtra University, Rajkot-360005. 1aNew Delhi :bNew Age International (P) Limited, Publishers,c2013. axiv, 764 pages :billustrations ;c24 cm 2rdacontentatextbtxt 2rdamediaaunmediatedbn 2rdacarrieravolumebnc aIncludes glossary. aIncludes bibliographical references and index.  7aHeterocyclic chemistry.2BUEsh bPPhrmcJune2015cJanuary2016 vReading book1 aParikh, Hansa,eauthor.1 aKhunt, Ranjan,eauthor. 2ddccBB c20075d20047 00102ddc40708AlahramaMAINbMAINc1STd2015-06-29ePurchaseg162.00h306l0o547.59 PARp000039309r2025-07-15 00:00:00v202.50yBB